1430 1961 1697 1532 1172 1903 1945 1144 1555 1246 1720 1543 1572 1753 1643 1883 1684 1792 1467 1011 1560 1721 1583 1624 1407 1114 1159 1656 1142 1738 1213 1858 1464 1277 1972 1571 1203 1036 1156 1925 1531 1690 1696 1421 1754 1624 1780 1864 1130 1175 1430 1634 1038 1419 1331 1758 1383 1552 1794 1918 1132 1514 1023 1155 1519 1256 1077 1582 1561 1310 1345 1754 1516 1807 1279 1858 1267 1323 1750 1445 1810 1217 1592 1002 1801 1045 1380 1875 1105 1207 1407 1795 1437 1965 1597 1457 1110 1293 1474 BCNSPRNW ULIB Ver.6.0+V

เปลี่ยนเป็นภาษาไทย

Change to English
 แสดงรายละเอียดบรรณานุกรม
  กลับหน้าหลัก

Brief Record : Get Marc (ISO 2709) : E-mail record : QR code < ปิดหน้าต่าง
LEADER : 00000nam 2200000uu 4500
001    13399127050
003     ULIB
008    191008s2562||||th 000 0 tha d
020    ^a9786168237052
060    ^aWS103^bส943ห
100    ^aเสาวภา พรจินดารักษ์
245    ^aหมีน้อยทำแบบแม่เก่งจัง ชุดหมีน้อย...เก่งจัง (LI ITTLE BEAR LOVES TO EAT!)
250    ^aพิมพ์ครั้งที่ 1
260    ^aกรุงเทพฯ :^bสำนักพิมพ์ Happy Parenting,^c2562
300    ^a24 หน้า;^b21 ซม.
650    ^aเด็ก^xการเรียนการสอน
945    ^p135^l0^i006238
999    ^aประนอม เกษจรัล
รายการนี้ยังไม่มีแท็ก
คุณยังไม่ได้ล็อกอิน คุณสามารถมีกิจกรรมร่วมกับเว็บไซต์ได้ แต่ต้องล็อกอินก่อน ::
  ล็อกอิน

รายการสื่อสารสนเทศ

ลำดับที่ ประเภท เลขเรียก/บาร์โค้ด สถานที่ สถานะ
1. วิทยาศาสตร์การแพทย์ และสุขภาพ
วิทยาศาสตร์การแพทย์ และสุขภาพ
WS103 ส943ห ฉ.1 
  Barcode: 006238
ห้องสมุดวิทยาเขตสวรรค์ประชารักษ์
►หนังสือทั่วไป
บนชั้น

รายการใกล้เคียง
    ผู้แต่ง [เสาวภา พรจินดารักษ์]

BibComment


ยังไม่เคยถูกคอมเมนท์

คอมเมนท์ทรัพยากรรายการนี้
  คอมเมนท์: หมีน้อยทำแบบแม่เ..


 Copyright 2026. Bcnsprnw @Library